000 01064nam0a22002651 4500
001 rc\2219649
005 20110829175911.3
035 _a(NLR Aleph) 006494987
090 _a6171866
_c6171866
100 _a20110829d1978 |||y0rusy50 ca
101 0 _arus
102 _aRU
105 _aa z |||||
200 1 _aФормы и методы изучения информационных потребностей
_f[Сост. Н.Г. Румянцева]
210 _aМосква
_cНИИВЦ
_d1978
215 _a19 с.
_cил.
_d21
225 1 _aМетодические материалы по научно-технической информации и пропаганде
_fНИИ пробл. высш. шк. Отд. науч. информ.
_vВып. 2
300 _aВ надзаг. также: М-во высш. и сред. спец. образ. СССР
320 _aБиблиогр.: с. 17-18
700 1 _aРумянцева
_bН. Г.
801 0 _aRU
_bNLR
_gpsbo
801 1 _aRU
_bELAR
_2rusmarc
852 _aNLR
_jП28/1357
942 _cBOOK
980 _aNB